000 00676nam a2200169Ia 4500
008 151213s9999 xx 000 0 und d
020 _a984-300-002705
100 _aমো : রহমত উল্লাহ
245 _aগারো সম্প্রদায় বাংলাদেশের একটি প্রান্তিক জনগোষ্ঠি
_cমো : রহমত উল্লাহ
250 _a১ম সং
260 _aঢাকা
_bইউ.ৃজি.সি
_c2010
300 _a7233 p.
650 _asocial Science
650 _aসামাজিক বিজ্ঞান
700 _aমো : রহমত উল্লাহ
999 _c3845
_d3845